000 00295nam a2200145Ia 4500
100 _aKuo/F.F
250 _a2
942 _cBK
654 _aNetwork
245 _aNetwork analysis and synthesis
260 _bJohn wiley
_c2001
082 _a621.3851
_bKUO
300 _a515
546 _aENGLISH
999 _c25548
_d25548